<?xml version="1.0" encoding="UTF-8"?>
<record
    xmlns:xsi="http://www.w3.org/2001/XMLSchema-instance"
    xsi:schemaLocation="http://www.loc.gov/MARC21/slim http://www.loc.gov/standards/marcxml/schema/MARC21slim.xsd"
    xmlns="http://www.loc.gov/MARC21/slim">

  <leader>00840nam a22002537a 4500</leader>
  <controlfield tag="005">20170123162339.0</controlfield>
  <datafield tag="010" ind1=" " ind2=" ">
    <subfield code="a">A-794561</subfield>
  </datafield>
  <datafield tag="020" ind1=" " ind2=" ">
    <subfield code="c">180.00</subfield>
    <subfield code="a">9693501780</subfield>
  </datafield>
  <datafield tag="035" ind1=" " ind2=" ">
    <subfield code="a">A-794561</subfield>
  </datafield>
  <datafield tag="037" ind1=" " ind2=" ">
    <subfield code="b">Cen Lib/Ret</subfield>
  </datafield>
  <datafield tag="040" ind1=" " ind2=" ">
    <subfield code="a">DPL</subfield>
    <subfield code="b">UR</subfield>
  </datafield>
  <datafield tag="082" ind1=" " ind2=" ">
    <subfield code="a">846.8</subfield>
    <subfield code="b">&#x688; &#x6D2; &#x648; </subfield>
  </datafield>
  <datafield tag="100" ind1=" " ind2=" ">
    <subfield code="a">&#x641;&#x631;&#x6CC;&#x62F;&#x6C1; &#x646;&#x638;&#x6CC;&#x631; </subfield>
    <subfield code="9">126418</subfield>
  </datafield>
  <datafield tag="245" ind1=" " ind2=" ">
    <subfield code="a">&#x642;&#x631;&#x631;&#x62A;&#x644;&#x644;&#x644;&#x6C1; &#x634;&#x6C1;&#x627;&#x628; :</subfield>
    <subfield code="c">&#x641;&#x631;&#x6CC;&#x62F;&#x6C1; &#x646;&#x638;&#x6CC;&#x631; </subfield>
    <subfield code="b">&#x632;&#x646;&#x62F;&#x6AF;&#x6CC; &#x627;&#x648;&#x631; &#x627;&#x62F;&#x628; /</subfield>
  </datafield>
  <datafield tag="246" ind1=" " ind2=" ">
    <subfield code="a">Qurutullah shahab : zindagi aur adab /</subfield>
    <subfield code="b">by Fareeda Nazeer </subfield>
  </datafield>
  <datafield tag="260" ind1=" " ind2=" ">
    <subfield code="b">&#x633;&#x646;&#x6AF; &#x645;&#x6CC;&#x644; &#x67E;&#x628;&#x644;&#x634;&#x631;&#x633; </subfield>
    <subfield code="c">1992</subfield>
    <subfield code="a">&#x644;&#x627;&#x6C1;&#x648;&#x631; </subfield>
  </datafield>
  <datafield tag="270" ind1=" " ind2=" ">
    <subfield code="b">&#x644;&#x627;&#x6C1;&#x648;&#x631; </subfield>
  </datafield>
  <datafield tag="300" ind1=" " ind2=" ">
    <subfield code="a">407p.</subfield>
    <subfield code="c">21cm(Hb)</subfield>
  </datafield>
  <datafield tag="650" ind1=" " ind2=" ">
    <subfield code="a">&#x627;&#x62F;&#x628; -- &#x627;&#x631;&#x62F;&#x648; </subfield>
    <subfield code="9">126419</subfield>
  </datafield>
  <datafield tag="650" ind1=" " ind2=" ">
    <subfield code="a">&#x627;&#x631;&#x62F;&#x648; &#x633;&#x648;&#x627;&#x646;&#x6D2; &#x639;&#x645;&#x631;&#x6CC;      </subfield>
    <subfield code="9">126420</subfield>
  </datafield>
  <datafield tag="650" ind1=" " ind2=" ">
    <subfield code="a">Literature -- Urdu</subfield>
    <subfield code="9">126421</subfield>
  </datafield>
  <datafield tag="650" ind1=" " ind2=" ">
    <subfield code="a">Urdu biography  </subfield>
    <subfield code="9">511</subfield>
  </datafield>
  <datafield tag="942" ind1=" " ind2=" ">
    <subfield code="2">ddc</subfield>
    <subfield code="c">UR</subfield>
    <subfield code="h">846.8</subfield>
    <subfield code="m">&#x688; &#x6D2; &#x648; </subfield>
  </datafield>
  <datafield tag="999" ind1=" " ind2=" ">
    <subfield code="c">108406</subfield>
    <subfield code="d">108406</subfield>
  </datafield>
  <datafield tag="952" ind1=" " ind2=" ">
    <subfield code="0">0</subfield>
    <subfield code="1">0</subfield>
    <subfield code="4">0</subfield>
    <subfield code="7">0</subfield>
    <subfield code="a">L</subfield>
    <subfield code="b">L</subfield>
    <subfield code="d">2016-01-20</subfield>
    <subfield code="e">Cen Lib/Ret</subfield>
    <subfield code="g">180.00</subfield>
    <subfield code="l">1</subfield>
    <subfield code="o">846.8 &#x688; &#x6D2; &#x648;</subfield>
    <subfield code="p">A-794561</subfield>
    <subfield code="r">2019-03-23 00:00:00</subfield>
    <subfield code="s">2019-03-07</subfield>
    <subfield code="t">1</subfield>
    <subfield code="v">180.00</subfield>
    <subfield code="w">2016-01-20</subfield>
    <subfield code="y">UR</subfield>
  </datafield>
</record>
